| 000 | 00731nam a22002297a 4500 | ||
|---|---|---|---|
| 005 | 20170124110034.0 | ||
| 010 | _aA-306452 | ||
| 020 | _c125.00 | ||
| 035 | _aA-306452 | ||
| 037 | _bCen Lib/Ret | ||
| 040 |
_adpl _bEN |
||
| 082 |
_a883.08 _bHAS |
||
| 100 |
_aAhmad Hasib _922362 |
||
| 245 |
_aThe novels of Khwaja Ahmad Abbas : _cby Ahmad Hasib _b a study in his art and vision / |
||
| 260 |
_bSeema Publications _c1987 _aDelhi |
||
| 270 |
_aC-3/19, Rana Pratap Bagh _bDelhi _e110006 |
||
| 300 |
_ax,159p. _c20cm(Hb) |
||
| 500 | _aIncludes bibliographical references and index | ||
| 650 |
_aAbbas, Khwaja Ahmad -- Fictional works. _922363 |
||
| 650 |
_aLiterature. _96262 |
||
| 942 |
_2ddc _cEN _h883.08 _mAHM |
||
| 999 |
_c128086 _d128086 |
||